000 00543nam a22001817a 4500
005 20231027102618.0
008 231027b |||||||| |||| 00| 0 eng d
020 _a070212642
041 _aEnglish
082 _a349 WIL
100 _lEnglish
245 _aWille's Principles of South African Law /
_cD Hutchison et al.,
250 _aEighth Edition
260 _aCape Town :
_bJuta and Company Ltd,
_c1991
300 _bcxxxix, 743 pages ;
_c25,5 cm.
650 _aLegal practice
_bLaw
942 _cBK
_6ALISON_BN_VRIES
999 _c112
_d112